| 000 | nam a22 a 4500 | ||
|---|---|---|---|
| 999 |
_c407758 _d407758 |
||
| 003 | BLK | ||
| 005 | 20210413090646.0 | ||
| 008 | 180408b bul|||||r ||||||| ||bul|| | ||
| 040 | _aBLK | ||
| 041 |
_aRUS _cRUS |
||
| 080 |
_aСравнително литературознание _b82.091 _z82.091 |
||
| 080 |
_aЦърковно-славянска писменост _b003.349.2 _z003.349.2 |
||
| 100 |
_91478 _aБудилович, Антон Семенович _eсъстав. |
||
| 139 | _aБудилович, Антон Семенович | ||
| 245 | 1 | 0 |
_aНачертание церковнославянской грамматики применительно к общей теории руского и других родственых языков _cсост. А. Будилович |
| 260 |
_bВаршава _c1883 |
||
| 300 |
_a350 с. _c25 см |
||
| 380 | _a80 | ||
| 490 |
_9435080 _aКолекция Редки и ценни издания |
||
| 650 | 0 |
_aЦърковнославянски език - лексикография _9341533 |
|
| 653 | _aруски език | ||
| 653 | 7 |
_aславянски езици _9196765 |
|
| 852 |
_aРр 883 _bРц |
||
| 856 | 4 | _qpdf | |
| 856 | 4 | _qpdf | |
| 942 |
_cKNG _n0 _s1 |
||
| 944 |
_aCR _c2021-04-13 _kК.Д. |
||